01523nam a2200469 i 45000010005000000030009000050050017000140080041000310150017000720200015000890350023001040350036001270350014001630350021001770350023001980350044002210400028002650410013002930460009003060800015003150800012003301000044003422450053003862500014004392600056004533000029005093360027005383370054005653380028006193800016006473800027006633850039006903880014007293880014007435000061007576500027008186500014008456550035008596580021008947100041009158560097009563263KOSZ 00520200507121311.0981023s1986 pl a f f |000 0 pol d aUWD 1987/622 a8301059702 a991007060899705066 a(PL-WaBN)b11835321-48omnis_nlop ab11835321 a(OCoLC)749260123 a(PL)b0000001183532 a(EXLNZ-48OMNIS_NETWORK)9910357016505606 aWA NcWA NbKOSZ 005/HR0 apolaeng k1986 a811.111'36 a(075.8)1 aGodziszewski, Jerzyd(1926-1998)eAutor10aTranslate it into English /cJerzy Godziszewski. a[Wyd. 4]. aWarszawa :bPaństwowe Wydawnictwo Naukowe,c1986. a264 s. :brys. ;c21 cm. aTekstbtxt2rdacontent aBez urządzenia pośredniczącegobn2rdamedia aWoluminbnc2rdacarrier aKsiążki aPublikacje dydaktyczne mPoziom nauczaniaaSzkoły wyższe a1901-2000 a1945-1989 aW wyd. 3 podtyt. : handbook for students of engineering. 7aJęzyk angielski2DBN 7aGramatyka 7aPodręczniki akademickie2DBN aJęzykoznawstwo2 aPaństwowe Wydawnictwo Naukowe4pbl uhttp://koha.tu.koszalin.pl/cgi-bin/koha/opac-detail.pl?biblionumber=3263yKatalog online BPK